Animaux dans les fables de La Fontaine - Mort Subite #3 - Statistiques

Statistiques générales
  • Ce quiz a été pris 395 fois
  • Le résultat moyen est 3 sur 20
Answers on the Grid
Answers color-coded by a green-red scale on the quiz's grid according to % correct below.
Lièvre
Tortue
Gazelle
Mouche
Chameau
Aigle
Singe
Hibou
Hirondelle
Cygne
Taureau
Écrevisse
Paon
Couleuvre
Colombe
Chèvre
Alouette
Puce
Poule
Perdrix
Veau
Baleine
Guépard
Truite
Kangourou
Crapaud
Buffle
Scorpion
Luciole
Rhinocéros
Pieuvre
Punaise
Antilope
Faon
Escargot
Criquet
Moustique
Zebre
Hippopotame
Renne
 
Statistiques - réponses
Réponse % Correct
Lièvre
67%
Tortue
62%
Mouche
24%
Chèvre
21%
Poule
21%
Cygne
20%
Taureau
18%
Singe
17%
Aigle
16%
Hibou
11%
Hirondelle
11%
Paon
11%
Puce
9%
Colombe
8%
Alouette
4%
Gazelle
4%
Perdrix
4%
Couleuvre
3%
Chameau
2%
Écrevisse
1%
Aucun quiz correspondant
Distribution des résultats
% des personnes avec chaque résultat
Percentile par nombre de réponses
Votre historique - résultats
Vous n’avez pas pris ce quiz